| 000 | 00695nam a2200193 a 4500 | ||
|---|---|---|---|
| 001 | 000561566 | ||
| 003 | AM-YEHGA | ||
| 005 | 20250617164919.0 | ||
| 008 | 071217s1906 ru ||||||||||||||0|arm|d | ||
| 040 | _aAM-YeHGA | ||
| 041 | 0 | _aarm | |
| 100 | 1 | _aԲուդուղեան, Ա | |
| 245 | 1 | 0 |
_aՆուէր հայ դպրոցականին : _bԱռողջապահական կանոններ աշակերտուհիների և աշակերտների համար / _cԲժ. Ա. Բուդուղեան. |
| 260 |
_aՍ.-Պետերբուրգ : _b Պուշկինեան տպարան, _c1906. |
||
| 300 |
_a64 էջ ; _c22 սմ. |
||
| 650 | 1 | 4 | _aԱշխատանքի հիգիենա |
| 942 |
_2udc _cBK |
||
| 090 | _c570735 | ||
| 999 |
_c531878 _d531878 |
||